Grecia /

Guardado en:
Autor Principal: Eliot, Alexander
Formato: Libro
Publicado: México : Life, 1964
Series:Life en Español
Materias:
Etiquetas: Agregar Etiqueta
Sin Etiquetas, Sea el primero en etiquetar este registro!
LEADER 00446nam a22001815a 4500
001 CEM.cems002233
005 20060216000000.0
008 130507s1964##################000#0#####d
003 CEMS
082 0 4 |a 949.5 
100 1 |a Eliot, Alexander 
245 1 0 |a Grecia / 
260 |a México :  |b Life,  |c 1964 
300 |a 160 
490 0 |a Life en Español 
653 |a Grecia 
653 |a Historia 
859 |a CEMS  |b BIB. CEMS - 11 de abril  |h 949.5  |i EL44  |p 2801.74  |t Ej.1